[Event "110th Anniversary WIM 2020"]
[Site "Hilleroed"]
[Date "2020.02.11"]
[Round "5.5"]
[White "Kejzar, Petra"]
[Black "Baliuniene, Margarita"]
[Result "1-0"]
[WhiteElo "2072"]
[BlackElo "1982"]
[Annotator "NA RC"]
[PlyCount "62"]
[EventDate "2020.02.08"]
[EventType "tourn"]
[EventCountry "DEN"]
[SourceTitle "playchess.com"]
[Source "ChessBase"]
[SourceQuality "1"]
[TimeControl "40/5400+30:1800+30"]

{[%evp 8,62,-16,32767,6,7,8,-14,38,12,40,-25,19,10,0,9,5,-49,-26,-58,0,0,0,0,67,54,77,-21,-27,-88,-66,-175,-235,-193,-124,-115,-102,-291,-310,-275,-309,-371,-452,-458,-349,-425,2019,29985,1935,29986,29989,29988,29997,29998,29998,29999,29999]} 1. b3 {[%emt 0:00:00]} d5 {[%emt 0:00:00]} 2. Bb2 {[%emt 0:00:00]} c5 {[%emt 0:00:00]} 3. e3 {[%emt 0:00:03]} e6 {[%emt 0:00:20]} 4. f4 {[%emt 0:00:27]} Nf6 {[%emt 0:00:38]} 5. Nf3 {[%emt 0:00:18]} a6 {[%emt 0:00:55]} 6. Be2 {[%emt 0:00:20]} Nc6 {[%emt 0:00:26]} 7. Ne5 {[%emt 0:12:11] A03: Bird's Opening with 1...d5.} Be7 {[%emt 0:09:06]} 8. O-O {[%emt 0:02:13]} O-O {[%emt 0:00:25]} 9. d3 {[%emt 0:01:12]} (9. Nxc6 $14 bxc6 10. Nc3) 9... Qc7 {[%emt 0:03:12]} 10. Nd2 {[%emt 0:05:19]} b5 {[%emt 0:02:58]} 11. Qe1 {[%emt 0:02:06]} Bb7 {[%emt 0:02:12] [#]} 12. Rf3 $146 {[%emt 0:04:00]} (12. Qg3 $11) ({Predecessor:} 12. Ndf3 Rfd8 13. Nxf7 Kxf7 14. Ng5+ Kg8 15. Nxe6 Qd7 16. Nxd8 Rxd8 17. Bf3 Rf8 18. Qg3 {1-0 (41) Gosciniak,M (2070)-Polak,S (1371) Szklarska Poreba 2017}) 12... Nb4 {[%emt 0:08:32]} 13. Bd1 {[%emt 0:02:15] [#]} c4 $1 {[%emt 0:00:43]} 14. Bd4 $1 {[%emt 0:04:34]} cxd3 {[%emt 0:04:48]} 15. cxd3 {[%emt 0:00:54]} Rac8 {[%emt 0:00:45]} (15... Nd7 $11) 16. Rh3 {[%emt 0:03:00]} Nc6 {[%emt 0:21:40]} 17. Rc1 {[%emt 0:03:09]} ({White should try} 17. Nxc6 $1 $14 Bxc6 18. Qh4) 17... Qa5 {[%emt 0:01:25]} 18. b4 {[%emt 0:23:41]} (18. Nxc6 $11 Rxc6 19. Ra1) 18... Qxb4 {[%emt 0:06:41]} ({Wrong is} 18... Bxb4 $2 19. Nxc6 Rxc6 {[#]} 20. Bxf6 $3 $18 {[%mdl 512]}) 19. Bc3 {[%emt 0:02:31]} (19. Nxc6 $15 Rxc6 20. Rb1) 19... Qa3 $1 {[%emt 0:01:19]} 20. Bb3 {[%emt 0:07:57] [#]} Nxe5 {[%emt 0:07:17]} ({Black should try} 20... d4 $1 $19 {[%mdl 512]} 21. Nxc6 (21. Bxd4 Nxd4) 21... Rxc6 {[%mdl 64] Pin}) 21. fxe5 {[%emt 0:00:10]} Nd7 {[%emt 0:00:14]} 22. Qd1 $2 {[%emt 0:06:09]} (22. Nb1 $17 Qc5 23. d4) 22... b4 {[%emt 0:09:27]} 23. Nb1 {[%emt 0:00:20] [#]} Qa5 $1 {[%emt 0:00:09]} 24. Qh5 {[%emt 0:00:23]} h6 {[%emt 0:00:30]} 25. Rg3 {[%emt 0:02:49]} Kh7 {[%emt 0:02:50]} ({Stronger than} 25... bxc3 26. Qxh6 Bg5 27. Qxg5 g6 28. Qh6 Qc5 29. Rh3 Qxe3+ 30. Rxe3 Rfd8 31. Rh3 f5 32. Qh8+ Kf7 33. Rh7#) 26. d4 {[%emt 0:01:49]} g6 $4 {[%emt 0:00:59] [#]} (26... bxc3 $19 27. Bc2+ Kh8) 27. Bc2 $1 {[%emt 0:00:13]} Rg8 {[%emt 0:00:27] [#]} 28. Rf1 $1 {[%emt 0:00:42]} ({Not} 28. Rh3 Bf8 $16) 28... Bf6 {[%emt 0:06:17]} 29. Rh3 {[%emt 0:01:57]} Bg5 {[%emt 0:05:23]} 30. Qxg5 {[%emt 0:00:12]} h5 {[%emt 0:01:02]} 31. Rxh5+ {[%emt 0:14:36]} Kg7 {[%emt 0:04:50]} 1-0

[Event "110th Anniversary WIM 2020"]
[Site "Hilleroed"]
[Date "2020.02.12"]
[Round "6.1"]
[White "Zaritovskaja, Margarita"]
[Black "Berke, Ana"]
[Result "0-1"]
[WhiteElo "2022"]
[BlackElo "2152"]
[Annotator "TA"]
[PlyCount "132"]
[EventDate "2020.02.08"]
[EventType "tourn"]
[EventCountry "DEN"]
[SourceTitle "playchess.com"]
[Source "ChessBase"]
[SourceQuality "1"]

{[%evp 15,132,8,21,0,29,-30,-22,-41,-24,-18,0,0,50,49,109,92,99,22,42,22,22,22,22,0,22,22,29,0,1,8,8,-143,180,160,334,318,310,335,310,322,324,314,313,-49,-49,-35,-49,-32,-2,-2,0,0,0,-57,0,0,24,0,8,-8,0,-8,0,-49,-56,-68,0,-113,-121,-138,-120,-110,-113,-116,-134,-250,-247,-283,-284,-275,-282,-289,-285,-262,-260,-330,-335,-365,-340,-364,-319,-438,-387,-477,-405,-456,-338,-341,-314,-329,-310,-373,-377,-383,-389,-449,-449,-452,-398,-451,-434,-545,-531,-508,-398,-747,-530,-589,-570]} 1. e4 c5 2. Nf3 d6 3. d4 cxd4 4. Nxd4 Nf6 5. f3 Nc6 6. Nc3 e5 7. Nb3 Be7 8. Be3 O-O 9. Be2 {B56: Classical Sicilian: Unusual Lines.} a5 $1 {9...a5 is better than 9...Be6.} 10. a4 (10. Na4 $142) 10... Nb4 11. Nb5 {The position is equal.} d5 12. c3 Nc6 13. Qc2 {[#]} Be6 $146 ({Predecessor:} 13... b6 14. O-O Be6 15. Rfd1 Rc8 16. Nd2 d4 17. Nf1 Nd7 18. Bf2 Bc5 {0-1 (38) Mueller,P (2060)-Kalinitschew,S (2427) Berlin 2015}) 14. Nc5 $1 b6 (14... Bh3 $14) 15. Nxe6 $16 fxe6 16. O-O ({Better is} 16. O-O-O $16) 16... Rc8 17. Rad1 Bc5 18. Bxc5 bxc5 19. Bc4 Qd7 20. Qe2 Rfd8 21. f4 Qe7 22. Ba2 exf4 23. e5 $2 ({White should try} 23. exd5 $11 exd5 24. Qxe7 Nxe7 25. Rxf4) 23... Ne4 $2 {[%mdl 8192]} (23... Nd7 $1 $17 24. Rxf4 Rf8) 24. c4 $1 $18 {[%cal Rc4d5]} Qh4 $2 (24... Nb4 $16 25. cxd5 exd5 26. Qxe4 {[%mdl 64] Double Attack} Nxa2 27. Rxd5 Nb4 28. Rxd8+ Rxd8) 25. cxd5 Ng3 26. Qe1 {[%mdl 64] Pin} Nb4 27. Nd6 $1 {Black must now prevent Bc4.} Nxa2 28. Nxc8 Rxc8 29. Rf3 $2 (29. dxe6 $18 {Strongly threatening e7.} Nb4 30. e7 (30. hxg3 $2 fxg3 31. Qxg3 Qxg3 $19)) 29... Nf5 $15 {Threatens to win with ...Qxe1+.} 30. Qxh4 Nxh4 31. Rxf4 Ng6 32. Re4 exd5 33. Rxd5 {Black should prevent Rc4.} Nb4 34. Rd7 ({White should play} 34. Rd1 $11) 34... Nc6 (34... Nf8 $15 35. Rd6 Kf7) 35. e6 $11 Rb8 36. Rc7 Nge7 37. Re2 Rb4 38. Rd2 {Rxe7! is the strong threat.} Kf8 39. h3 Rxa4 40. Ra7 {Intending Ra8+ and mate.} g6 (40... g5 $1 $15 41. Rf2+ Rf4) 41. Ra8+ (41. Rf2+ $11 {keeps the balance.} Kg8 42. Ra8+ Kg7 43. Rf7+ Kh6 44. Rh8) 41... Kg7 $17 42. Rc2 c4 43. Rf2 Ra1+ 44. Kh2 Re1 45. Raf8 (45. Rf7+ $17 {is a better defense.} Kh6 46. Rf4) 45... Rxe6 $19 46. R8f7+ Kh6 47. R2f4 {[#]} Ne5 $1 {[%cal Re5f7]} 48. Re4 g5 ({Not} 48... Nxf7 49. Rxe6 Nf5 50. g4 $17) 49. Rf1 N7c6 50. Rfe1 {If White can now play Rxc4 this consolidates a bit.} Re7 51. Rd1 Kg7 52. Rd2 Kf6 53. Rde2 h5 54. R4e3 Ke6 55. b3 cxb3 56. Rxb3 Kd5 {And now ...Nf3+! would win.} 57. Ra2 Kc5 58. Rb1 Nc4 59. Rc1 Kb5 60. Rac2 Re4 61. Rf2 Re5 62. Rfc2 {[#]} Rc5 $1 63. Rb1+ Nb4 64. Rc3 a4 65. Kg1 $2 (65. Ra1) 65... Rd5 66. Rbc1 Rd4 {Accuracy: White = 50%, Black = 71%.} 0-1

[Event "110th Anniversary WIM 2020"]
[Site "Hilleroed"]
[Date "2020.02.12"]
[Round "6.2"]
[White "Nastase, Andreea-Cristina"]
[Black "Nilssen, Ellen Fredericia"]
[Result "1/2-1/2"]
[WhiteElo "2090"]
[BlackElo "2065"]
[Annotator "TA"]
[PlyCount "61"]
[EventDate "2020.02.08"]
[EventType "tourn"]
[EventCountry "DEN"]
[SourceTitle "playchess.com"]
[Source "ChessBase"]
[SourceQuality "1"]

{[%evp 35,61,18,31,0,0,0,17,13,27,20,24,20,6,0,0,0,0,0,0,0,0,0,0,0,0,0,0,0]} 1. e4 e6 2. d4 d5 3. Nd2 c5 4. exd5 Qxd5 5. Ngf3 cxd4 6. Bc4 Qd6 7. O-O Nf6 8. Nb3 Nc6 9. Nbxd4 Nxd4 10. Nxd4 a6 11. Re1 Qc7 12. Bb3 Bd6 13. Nf5 Bxh2+ 14. Kh1 O-O 15. Nxg7 Rd8 16. Qf3 Kxg7 17. Bh6+ Kg6 18. c3 Nh5 19. Bc1 {Threatening mate with Qg4+. C07: French Tarrasch: 3...c5, 4 Ngf3 and 4 exd5 Qxd5.} (19. Be3 $5 {[%cal Rf3g4]} f5 20. Rad1 Rxd1 21. Bxd1 $11) 19... Bf4 {aiming for ...Bxc1.} 20. g4 $1 {[%cal Rg4h5] [#]} Ng3+ $1 21. fxg3 Bxc1 22. Raxc1 b6 $1 23. Bc2+ $1 {23.Bc2+ is better than 23.Qe3.} Kg7 $1 {The position is equal.} 24. Be4 Ra7 25. Rc2 Bb7 26. Rh2 Bxe4 27. Qxe4 Qb7 28. Rxh7+ Kg8 29. Qxb7 Rxb7 30. Rh2 Rd3 {[#]} 31. Rg2 $146 {Accuracy: White = 90%, Black = 100%.} ({Predecessor:} 31. Kg2 Rbd7 32. Re2 Kg7 33. Kh3 Rd1 34. Rhf2 Rh1+ 35. Kg2 Rdd1 36. Re3 b5 37. Kf3 {½-½ (45) Lu,S (2566)-Lupulescu,C (2643) Bazna 2014}) 1/2-1/2

[Event "110th Anniversary WIM 2020"]
[Site "Hilleroed"]
[Date "2020.02.12"]
[Round "6.3"]
[White "Stanford, Sheila Barth"]
[Black "Miturova, Magdalena"]
[Result "1-0"]
[WhiteElo "2145"]
[BlackElo "2185"]
[Annotator "TA"]
[PlyCount "83"]
[EventDate "2020.02.08"]
[EventType "tourn"]
[EventCountry "DEN"]
[SourceTitle "playchess.com"]
[Source "ChessBase"]
[SourceQuality "1"]

{[%evp 14,97,29,33,43,33,37,28,43,33,37,52,99,83,88,77,81,54,66,58,155,152,222,198,193,194,158,99,200,216,227,141,143,127,178,166,204,100,93,57,192,38,22,50,30,18,45,39,118,89,93,41,31,28,27,17,12,12,17,0,10,14,4,0,39,42,58,0,57,47,328,221,12837,688,12844,12844,29989,29990,29990,29991,29992,29993,29993,12847,29994,29995]} 1. e4 e5 2. Nf3 Nc6 3. Bc4 Nf6 4. Ng5 d5 5. exd5 Na5 6. Bb5+ c6 7. dxc6 bxc6 8. Bd3 Nd5 {C58: Two Knights: 4 Ng5 d5 5 exd5 Na5 sidelines.} 9. h4 Nf4 10. Bf1 $1 h6 {White has an edge.} 11. Nf3 e4 12. d3 exf3 13. Bxf4 Qf6 14. Qxf3 Qxb2 {[%mdl 64] Double Attack} 15. Qe2+ Be6 16. Be5 {[#]} Qb6 $146 (16... Qc1+ $14 17. Qd1 Bb4+ 18. c3 Qb2 {[%mdl 64] Double Attack} 19. Bxg7 Rh7 20. cxb4 Rxg7) ({Predecessor:} 16... Qb5 17. Nc3 Bb4 18. a3 Bxc3+ 19. Bxc3 O-O 20. Qe5 Qxe5+ 21. Bxe5 c5 22. Bd6 Rfe8 {1-0 (57) Paehtz,E (2440)-Harika,D (2507) Khanty-Mansiysk 2014}) 17. Nd2 $16 c5 (17... Qc5 $16 {was called for.} 18. c3 Kd7) 18. f4 {Black must now prevent f5!} Be7 19. Bxg7 Rg8 20. Bc3 ({Reject} 20. Bxh6 $6 Bg4 $14) (20. Rb1 $142 Qc6 21. Bc3 (21. Bxh6 Bg4 $18)) 20... Kf8 (20... Nc6 $16) 21. Rb1 $18 Qc7 22. Be5 Qc6 23. c4 Bf5 (23... Re8 $16 {is a better defense.}) 24. Rb5 Qa6 25. Ne4 (25. Rxa5 $18 {has better winning chances.} Qxa5 26. Qh5 {[%mdl 64] Double Attack}) 25... Re8 $16 26. Kf2 {Strongly threatening Rxa5!} Rg6 (26... f6 $1 $14) 27. Qd2 $2 (27. Kg1 $18) 27... Nxc4 $1 $14 28. dxc4 Bxe4 29. Rh3 Qc6 {[%cal Re4g2]} 30. Kg1 Bf5 (30... Bd6 $14) 31. Ra3 a6 {[#]} 32. Rb8 (32. Rba5 $1 $16) 32... Rxb8 33. Bxb8 Bxh4 34. Kh2 Be7 35. g3 h5 36. Qb2 Kg8 37. Qe5 Qd7 $132 {[%mdl 2048] Black is not holding back} 38. Bg2 Be6 39. Rxa6 {f5! is the strong threat.} ({Of course not} 39. Qxh5 Bf8 $17) 39... Qd3 {[#]} 40. Qe1 ({Better is} 40. f5 $1 $14 {[%mdl 512]} Qxf5 41. Ra8) 40... Qxc4 (40... h4 $11 41. g4 Rxg4 42. Rxe6 Qg3+ 43. Qxg3 hxg3+ 44. Kh3 Rh4+ 45. Kxg3 fxe6) 41. Ra8 $1 h4 $2 {[%mdl 8192] [#]} (41... Bd5 $14 42. Qxe7 Bxa8 43. Bxa8 h4) 42. Be5+ {Played: f4-f5} 1-0

[Event "110th Anniversary WIM 2020"]
[Site "Hilleroed"]
[Date "2020.02.12"]
[Round "6.4"]
[White "Kakulidis, Ellen"]
[Black "Kejzar, Petra"]
[Result "1-0"]
[WhiteElo "2052"]
[BlackElo "2072"]
[Annotator "TA"]
[PlyCount "59"]
[EventDate "2020.02.08"]
[EventType "tourn"]
[EventCountry "DEN"]
[SourceTitle "playchess.com"]
[Source "ChessBase"]
[SourceQuality "1"]

{[%evp 9,59,6,19,24,25,25,19,14,51,23,47,62,60,64,65,55,52,15,81,81,81,81,90,93,96,95,117,74,356,358,336,270,268,198,187,187,170,152,162,147,255,272,650,394,648,579,563,578,599,599,599,581]} 1. d4 Nf6 2. g3 d5 3. Nf3 e6 4. Bg2 b5 5. O-O Bb7 6. a4 {A46: 1 d4 Nf6 2 Nf3 e6: Torre, London and Colle Systems.} b4 7. c4 c5 8. Bg5 {The position is equal.} dxc4 9. Nbd2 {[%cal Bb1d2,Bd2c4,Bc4e5][%mdl 32]} cxd4 10. Nxc4 {[#]} Bc5 $146 ({Predecessor:} 10... d3 11. Nce5 Be7 12. Qxd3 Qxd3 13. Nxd3 h6 14. Bxf6 Bxf6 15. Rac1 Nd7 16. Rc7 Rb8 {1-0 (52) Banusz,T (2606)-Zilka,S (2530) Slovakia 2019}) 11. Rc1 O-O 12. Nce5 Bb6 13. Qd3 h6 (13... Nbd7 $11 {keeps the balance.}) 14. Bxf6 $1 $16 Qxf6 {[#]} 15. Ng5 $1 {[%mdl 512]} hxg5 (15... Qxg5 16. Bxb7) 16. Bxb7 Qxe5 17. Bxa8 Nd7 18. Bg2 Nc5 $2 {[%mdl 8192]} (18... Qa5 $16 {was necessary.}) 19. Qb5 $18 Rb8 20. a5 ({Not} 20. Qxb4 d3 $16) 20... a6 21. Qc4 ({Don't do} 21. Qxb4 $6 Ba7 $18) 21... Ba7 22. Rcd1 {[%cal Bc1d1,Bd1d7,Bd7b7,Bb7b4][%mdl 32]} Qc7 23. Qxd4 Qxa5 24. Qe5 Qb6 (24... Nb3 $16 25. Qd6 Rc8) 25. Qxg5 Na4 $2 (25... Qc7 26. Rc1 f6) 26. Rd7 {Black must now prevent Be4.} Re8 $2 {[#]} (26... Nc5) 27. Qf4 $1 {White is clearly winning.} Rf8 28. Rb7 Qd4 29. Qxd4 Bxd4 30. Rxb4 {[%mdl 64] Double Attack. Accuracy: White = 75%, Black = 48%.} 1-0

[Event "110th Anniversary WIM 2020"]
[Site "Hilleroed"]
[Date "2020.02.12"]
[Round "6.5"]
[White "Guindy, Esmat Susanne"]
[Black "Baliuniene, Margarita"]
[Result "0-1"]
[WhiteElo "2143"]
[BlackElo "1982"]
[Annotator "TA"]
[PlyCount "202"]
[EventDate "2020.02.08"]
[EventType "tourn"]
[EventCountry "DEN"]
[SourceTitle "playchess.com"]
[Source "ChessBase"]
[SourceQuality "1"]

{[%evp 12,202,18,14,48,20,27,34,43,16,21,28,31,41,54,50,80,75,104,95,81,-11,-10,-9,-9,-3,8,0,8,0,0,0,7,0,8,0,0,6,17,0,36,34,41,41,40,43,28,0,-4,-2,0,0,106,98,102,97,95,94,87,78,72,10,0,0,0,-12,54,-59,8,8,8,-60,-56,-56,-60,-123,-110,-104,-8,-8,-8,-198,-223,-693,-973,-382,-979,-378,-373,-29965,-29966,-29967,-29968,-29968,-29968,-29969,-29967,-29969,-29963,-29951,-1948,-29957,-5761,-29964,-110,-29968,-12797,-10972,-9709,-6065,-5118,-29967,-29968,-29968,-29966,-29969,-29969,-29970,-29971,-29974,-29974,-29974,-29974,-29976,-29977,-29977,-29978,-29978,-29979,-29979,-29979,-29980,-29981,-29981,-29982,-29982,-29979,-29979,0,-29982,-29983,-29983,-29982,-29982,-29983,-29984,-29985,-29985,-29983,-29986,-29984,-29984,-29985,-29985,-29983,-29983,-8,-29984,-29984,-29985,0,-29985,-29982,-29986,-29983,-29986,-29987,-29987,-29975,-29975,0,-29984,-29983,-29985,-29986,-29989,-29984,-29990,-29986,-29985,-29985,-29990,-29977,-29984,-29978,-29983,-29984,-29991,-29992,-29992,-29993,-29994,-29995]} 1. c4 e6 2. g3 d5 3. Bg2 Nf6 4. d4 c5 5. Nf3 dxc4 6. O-O Nc6 7. dxc5 Bd7 {E04: Open Catalan: 5 Nf3.} 8. Na3 c3 {[#]} 9. Nc4 $146 ({Predecessor:} 9. bxc3 Bxc5 10. Rb1 b6 11. Nc4 O-O 12. Bg5 Rc8 13. e4 h6 14. Bxf6 gxf6 15. Qd2 {1-0 (35) Pfiffner,P (2297)-Stoyanov,Z (2357) ICCF email 2006}) 9... Bxc5 {White is slightly better.} 10. Nd6+ Bxd6 $1 11. Qxd6 Qe7 12. Qxe7+ Kxe7 13. bxc3 Rhd8 14. Rb1 b6 15. Ba3+ Ke8 16. Nd4 (16. Nd2 $16) 16... Nxd4 $11 17. cxd4 Rac8 18. Rfc1 Rxc1+ 19. Rxc1 Rc8 20. Kf1 Rxc1+ 21. Bxc1 {[%mdl 4096] Endgame KBB-KBN} Bb5 22. Ke1 Kd7 23. e4 Bc4 24. a3 Kc6 25. h3 Kb5 26. Kd2 $1 Ka4 27. Kc3 b5 28. Bf3 Bb3 29. g4 a5 $1 30. g5 Nd7 31. d5 exd5 (31... b4+ $11 32. axb4 axb4+ 33. Kd4 e5+ 34. Ke3 Nb6) 32. exd5 $16 b4+ 33. axb4 axb4+ 34. Kd4 Kb5 35. Bg4 Nb6 36. Be2+ ({White should try} 36. d6 $1 $16 {[%cal Rd6d7] aiming for d7.} Kc6 37. Bd2) 36... Bc4 $11 37. Bf3 b3 38. Ke5 Na4 (38... Bf1 $11 39. Kd4 Nc4) 39. d6 ({Better is} 39. Kd6 $1 $14) 39... Nc5 (39... Be6 $15 40. Bd5 Nc5) 40. Kd4 Be6 41. Bd5 (41. Ba3 $11 Na4 42. Bd5) 41... Bxd5 $15 42. Kxd5 {KB-KN} Nd7 43. Bb2 (43. Kd4 $15) 43... Nb6+ $1 $17 44. Ke4 Kc6 ({Black should play} 44... g6 $17 {Threatens to win with ...Kc6.} 45. Kd3 Kc6) 45. Bxg7 $11 Kxd6 46. Kd3 $2 (46. f4 $11) 46... Na4 $19 47. f4 $2 (47. h4) 47... Ke6 $1 {[%cal Re6f5]} 48. h4 Kf5 49. Be5 Kg4 50. h5 $2 (50. Bf6 $19) 50... Kxh5 51. Bd4 Kg4 52. Be5 Kf5 53. Kd2 Ke4 54. Bc7 Kd4 55. Be5+ Kc4 (55... Kd5 $142 56. Bg7 f5 57. Be5 Nc5 58. Kc3 Ke4 59. Bb8 Nd3 60. Kxb3 Nxf4 61. Bd6 Ne6 62. Kc3 Nxg5 63. Be7 Kf4 64. Kd2 Ne4+ 65. Kd3 h5 66. Bd8 Nc5+ 67. Ke2 Kg3 68. Bb6 Ne4 69. Bc7+ f4 70. Be5 h4 71. Kf1 h3 72. Bc7 Nc5 73. Bd6 Nd3 74. Ke2 h2 75. Kxd3 h1=Q 76. Kd4 Qc6 77. Be5 Kg4 78. Kd3 Qb5+ 79. Kc3 Qxe5+ 80. Kc4 f3 81. Kb3 f2 82. Kb4 f1=Q 83. Ka3 Qc3+ 84. Ka4 Qfc4#) 56. Bf6 Nc5 {( -> ...Ne4+)} 57. Be5 Ne6 $2 (57... Nd3 58. Bc7 Kd4 59. Bd6 Ke4 60. Kc3 b2 61. Kc2 Kf5 62. Be7 Kxf4 63. Kb1 Nf2 64. Kxb2 Ne4 65. Kc1 Nxg5 66. Bd8 f5 67. Kd2 Ne4+ 68. Ke2 h5 69. Bc7+ Kg4 70. Kf1 f4 71. Bb6 Kg3 72. Ke2 f3+ 73. Ke1 f2+ 74. Ke2 h4 75. Ke3 f1=Q 76. Bc7+ Kg2 77. Bb8 h3 78. Kd4 Qg1+ 79. Kd5 Qc5+ 80. Kxe4 Qb4+ {[%mdl 64] Double Attack} 81. Kd5 Qxb8 82. Kd4 h2 83. Ke4 h1=Q 84. Kf5 Qh5+ 85. Ke4 Qbe5+ 86. Kd3 Qhe2#) 58. Bb8 $2 {[%mdl 8192]} (58. Ke3 $17) 58... Nd4 (58... Kd4 $142 59. Bd6 Kd5 60. Bb8 Ke4 61. Bd6 Nxf4 62. Kc3 Ne6 63. Kxb3 Nxg5 64. Kc3 h5 65. Kd2 Kf3 66. Kd3 h4 67. Be7 h3 68. Bd6 f5 69. Bf8 h2 70. Kc4 h1=Q 71. Bd6 Qd1 72. Bc5 Ne4 73. Bd4 Qa4+ 74. Kd5 f4 75. Bg1 Qa8+ 76. Ke6 Qg8+ 77. Kd7 Qxg1 78. Ke6 Qg6+ 79. Kd7 Qd6+ 80. Ke8 Qc7 81. Kf8 Ng5 82. Kg8 Qh7+ 83. Kf8 Qf7#) 59. Kc1 Nc6 60. Bd6 Nb4 61. Bc7 Nd3+ 62. Kd2 Kd4 63. Bd6 Ke4 64. Kc3 Nxf4 65. Kxb3 Ne6 66. Be7 Kf5 67. Kc3 Nxg5 68. Kd3 Kg4 69. Ke2 f5 70. Kf2 Ne4+ 71. Kg1 f4 72. Bd8 h5 73. Bb6 Kf3 74. Kh2 Kg4 $2 (74... Ng5 75. Kg1 Ne4 76. Bd4 Kg4 77. Kf1 f3 78. Bg7 h4 79. Bd4 h3 80. Bg1 Kg3 81. Bd4 f2 82. Ke2 h2 83. Be5+ Kg2 84. Bxh2 f1=Q+ 85. Ke3 Kxh2 86. Kd4 Qf5 87. Kd3 Qd5+ 88. Kc2 Qc4+ 89. Kb1 Qe2 90. Ka1 Qd2 91. Kb1 Nc3+ 92. Ka1 Qc1#) 75. Kg2 $2 {[%mdl 8192]} (75. Kg1 $11 f3 76. Kf1) 75... h4 76. Kh2 Ng5 77. Kg2 h3+ 78. Kh2 Nf3+ 79. Kh1 Nd2 80. Kh2 Ne4 81. Bd4 f3 82. Kg1 Kf4 83. Bb6 Ng5 $2 (83... Kg3 84. Bc7+ Kg4 85. Bb6 Ng3 86. Bf2 Nf1 $1 {[%mdl 576] Deflection, Promotion} 87. Kxf1 h2 88. Ke1 h1=Q+ 89. Kd2 Qh2 $1 {[%mdl 512]} 90. Ke3 Qe5+ 91. Kd3 Qe2+ {[%mdl 64] Double Attack} 92. Kc3 Qxf2 93. Kd3 Qc5 94. Kd2 f2 95. Ke2 f1=Q+ $1 {[%mdl 576] Deflection, Back Rank} 96. Kxf1 Kf3 97. Ke1 Qc1#) 84. Bd8 $2 {[%mdl 8192]} (84. Kh2 $11 Kg4 85. Kh1) 84... Kg4 85. Bb6 Ne4 86. Bd4 $1 Nd2 87. Bb6 Nc4 88. Bf2 Ne5 89. Bb6 Nf7 90. Bc7 Ng5 $2 (90... Nh6 {mates} 91. Kf1 Nf7 92. Bh2 Ng5 93. Kf2 Ne4+ 94. Ke3 f2 95. Ke2 Kh4 96. Kf1 Kg5 97. Be5 Kg4 98. Ke2 {[#]} h2 $1 {[%mdl 576] Promotion} 99. Bxh2 Kh3 100. Be5 Kg2 101. Ke3 Ng5 102. Kf4 Nf7 103. Bd4 f1=Q+ 104. Ke3 Qe1+ 105. Kd3 Ne5+ 106. Bxe5 Qxe5 107. Kc2 Qc5+ 108. Kb3 Kf3 109. Ka4 Ke2 110. Kb3 Kd3 111. Ka4 Qb6 112. Ka3 Kc3 113. Ka4 Qb4#) 91. Bd8 $2 {[%mdl 8192]} (91. Bb6 $11 Ne6 92. Ba7 Nf4 93. Kh2 Nd3 94. Kg1 Kg3 95. Kf1 h2 96. Bg1 hxg1=Q+ 97. Kxg1 Kf4 98. Kh2 Ke3 99. Kh3 f2 100. Kg2 Ke2 101. Kh3 f1=Q+ 102. Kg4 Qf4+ 103. Kh5 Kd1 104. Kg6 Ne5+ 105. Kh5 Qg4+ 106. Kh6 Qg6#) 91... Kf4 {Black mates.} 92. Bc7+ Ke3 93. Kf1 Ne6 94. Bd6 Nf4 95. Bc5+ Ke4 96. Bg1 Kf5 97. Bh2 Kg4 98. Kg1 Nd3 99. Bc7 f2+ 100. Kf1 Kf3 101. Bd6 Nb2 0-1

[Event "110th Anniversary WIM 2020"]
[Site "Hilleroed"]
[Date "2020.02.13"]
[Round "7.1"]
[White "Kejzar, Petra"]
[Black "Zaritovskaja, Margarita"]
[Result "1-0"]
[WhiteElo "2072"]
[BlackElo "2022"]
[Annotator "TA"]
[PlyCount "55"]
[EventDate "2020.02.08"]
[EventType "tourn"]
[EventCountry "DEN"]
[SourceTitle "playchess.com"]
[Source "ChessBase"]
[SourceQuality "1"]

{[%evp 9,55,-7,-7,-13,21,26,142,147,143,147,169,140,190,177,201,202,179,175,166,122,178,114,150,153,229,211,304,85,362,208,192,234,264,112,205,240,234,232,197,36,417,361,355,346,1266,916,910,894]} 1. d4 Nf6 2. Nc3 d5 3. Bf4 c6 4. e3 g6 5. h4 Bg7 6. Bd3 {[#] D00: 1 d4 d5: Unusual lines.} O-O $146 ({Predecessor:} 6... Bf5 7. Bxf5 gxf5 8. Qf3 Nbd7 9. Nge2 e6 10. Qh3 Rg8 11. f3 Bf8 12. Rg1 Qa5 {½-½ (75) Bauer,C (2647)-Ruck,R (2529) Budapest 2017}) 7. h5 Nxh5 (7... c5 $11) 8. Rxh5 $16 {White is clearly better.} gxh5 9. Qxh5 {[%csl Gd3][%cal Rh5h7]} f5 10. Nf3 {[%mdl 1024] White has strong compensation.} Qe8 11. Qh2 $36 {[%mdl 2048] White is really pushing.} Nd7 12. O-O-O $1 Nf6 13. Rh1 h5 14. Qg3 Ng4 (14... Ne4 $16 15. Bxe4 fxe4) 15. Nh4 (15. Be5 $18) 15... e5 16. dxe5 Bxe5 (16... Nxe5 $16 {was necessary.} 17. Qg5 Qe6) 17. Ne2 $1 $18 Rf7 {[#]} (17... Bxf4 $142 18. Nxf4 Rf7) 18. Kb1 $2 (18. f3 $1 $18 {[%cal Rf3g4]} Bxf4 19. exf4 Qe3+ 20. Kd1) 18... c5 $2 {[%mdl 8192]} (18... Rg7 $16) 19. Bxe5 (19. f3 $142) 19... Qxe5 20. Nf4 Rg7 21. Qf3 (21. Nf3 $18 {and White stays clearly on top.} Qe7 22. Nxd5 (22. Nxh5 Rh7 $18)) 21... Nf6 (21... c4 $16 {keeps fighting.}) 22. Nxh5 Ne4 {White must now prevent ...Nd2+.} 23. Bxe4 dxe4 {[#]} 24. Qd1 $2 (24. Qe2 $1 $18 Rh7 25. Ng6) 24... Be6 $2 {[%mdl 8192]} (24... Rd7 $14 25. Qe2 Rd6) 25. Nxg7 Kxg7 26. Qh5 Rh8 $2 (26... Qf6 27. f3 (27. g4 fxg4 28. Ng2 Bf5 $18) 27... Rd8) 27. Qxh8+ {[%mdl 64] Decoy} Kxh8 28. Ng6+ {Accuracy: White = 44%, Black = 18%.} 1-0